000 00375nam a2200145Ia 4500
008 191201s2009 xx 000 0 und d
082 _a338.04
_bBAE
100 _aBAPORIKAR, Neeta
245 0 _aEntrepreneurship Development & Project Management
250 _a2nd
260 _aN.Delhi
_bHimalaya Publication House
_c2009
300 _a323
650 _aMBA
942 _2ddc
_cBK
999 _c4337
_d4337